000 00281nam a2200109Ia 4500
008 200302s9999 xx 000 0 und d
100 _aClare Melhuish
245 _aLuis Vidal+Architects From Process to Results
260 _bLaurence King Publishing
260 _c2013
300 _a224
999 _c3390
_d3390